书目信息 |
| 题名: |
花卉摄影技法
|
|
| 作者: | 平野隆久 著 | |
| 分册: | ||
| 出版信息: | 长春 吉林科学技术出版社 1999.01 |
|
| 页数: | 191页 | |
| 开本: | 32开 | |
| 丛书名: | ||
| 单 册: | ||
| 中图分类: | J419.5 | |
| 科图分类: | ||
| 主题词: | 摄影技术--普及读物 , 摄影艺术--各种 | |
| 电子资源: | ||
| ISBN: | 7-5384-1994-2 | |
| 000 | 00595nam0 2200205 45 | |
| 001 | 0008080978 | |
| 005 | 20000808093728.7 | |
| 010 | @a7-5384-1994-2@d33.50元 | |
| 100 | @a20000808d1999 km y0chiy0120 ea | |
| 101 | 0 | @achi |
| 105 | @a z 000yy | |
| 200 | 1 | @a花卉摄影技法@AHua Hui She Ying Ji Fa@f(日)平野隆久著@F(Ri)Ping Ye Long Jiu Zhu |
| 210 | @a长春@c吉林科学技术出版社@d1999.01 | |
| 215 | @a191页@d32开 | |
| 606 | 0 | @a摄影技术@x普及读物 |
| 606 | 0 | @a摄影艺术@x各种 |
| 690 | @aJ419.5@v3 | |
| 701 | 0 | @a平野隆久@4著 |
| 801 | @aCN@bPftUser@c20000808 | |
| 905 | @dJ419.5@eP491@b91480-482@f3 | |
| 花卉摄影技法/(日)平野隆久著.-长春:吉林科学技术出版社,1999.01 |
| 191页;32开 |
| ISBN 7-5384-1994-2:33.50元 |
| ● |
| 相关链接 |
|
|
|
正题名:花卉摄影技法
索取号:J419.5/P491
 
预约/预借
| 序号 | 登录号 | 条形码 | 馆藏地/架位号 | 状态 | 备注 |
| 1 | 91480 | 200914804 | 社科库309/309社科库 84排3列5层/ [索取号:J419.5/P491] | 在馆 | |
| 2 | 91481 | 200914813 | 社科库309/ [索取号:J419.5/P491] | 在馆 | |
| 3 | 91482 | 200914822 | 社科库309/309社科库 84排3列5层/ [索取号:J419.5/P491] | 在馆 |